00449nam a22001697a 450000500170000001000150001702000260003203500140005803700130007208200170008510000160010224500330011826000380015127000450018930000260023450000190026020171208152417.0 aENG-121816 a9788178191102c375.00 aEN-105348 bDBAD/PUB a791.43028092 aSen, Mrinal aMy chaplin / cby Mrinal Sen aKolkatabNew Age Publishersc2013 a8/1 Chintamoni Das LanebKolkatae700009 a168p.bill.c22cm(Hb) aIncludes index